| 000 | 00483nam a22001697a 4500 | ||
|---|---|---|---|
| 999 |
_c7016 _d7016 |
||
| 003 | GBCCL | ||
| 005 | 20241126110617.0 | ||
| 008 | 180705b ||||| |||| 00| 0 eng d | ||
| 040 | _cGBC | ||
| 082 |
_a635.4 _bKUR |
||
| 100 |
_aKurian, Margaret _912460 |
||
| 245 |
_aVegetarian Cooking for Today| _cMargaret Kurian |
||
| 260 |
_aPune: _bThe Oriental Watchman Publishing House, _c1991. |
||
| 300 | _a160p | ||
| 650 |
_acooking - Vegetables _vVegetarian Cooking _912461 |
||
| 942 |
_2ddc _cREF |
||